000 00940nam a22002897a 4500
005 20260222204751.0
008 260222b |||||||| |||| 00| 0 spa d
040 _aCO-BoESAP
_bspa
_cCO-BoESAP
100 1 _aRoa Suárez, Hernando,
_d1939-
_9119
_eautor
245 1 0 _aKarl Marx y Max Weber, científicos sociales /
_cHernando Roa Suárez.
300 _apáginas 41-
526 _a104436
526 _a1697
526 _a19790
526 _a51868
526 _a102619
526 _a5144
600 1 4 _aMarx, Karl,
_d1818-1883
_91050
_xCrítica e interpretación
600 2 4 _aWeber, Max,
_d1864-1920
_91095
_xCrítica e interpretación
650 1 7 _aCiencias sociales
_975
_2LEMB
650 2 7 _aFilosofía alemana
_9761
_2LEMB
650 2 7 _aSocialismo
_91058
_2LEMB
_zFrancia
650 2 7 _aEconomía política
_97875
_2LEMB
650 2 7 _aEconomía marxista
_93689
_2LEMB
773 _tTemas políticos contemporáneos
942 _2cl
_cCHAP
999 _c175240
_d175240